| 000 | 00496nam a2200181Ia 4500 | ||
|---|---|---|---|
| 008 | 230711s9999||||xx |||||||||||||| ||und|| | ||
| 020 | _a978-93-325-1742-4 | ||
| 041 | _aENG | ||
| 082 |
_a5.8 _bPF-A |
||
| 100 | _aPfleeger,Charles P | ||
| 245 | 0 |
_aAnalyzing computer security _bA threat/vulnerability/countermeasure approach |
|
| 250 | _a1st Ed. | ||
| 260 |
_c2014 _aNew Delhi _bPearson |
||
| 300 | _a795p. | ||
| 650 | _aComputer Engineering | ||
| 700 | _aPfleeger,Shari Lawrence | ||
| 942 | _cBK | ||
| 999 |
_c6016 _d6016 |
||